BSOP header

Destroyer of the gods : (Record no. 51786)

MARC details
000 -LEADER
fixed length control field 01345cam a2200265 i 4500
001 - CONTROL NUMBER
control field 18969144
005 - DATE AND TIME OF LATEST TRANSACTION
control field 20230808164557.0
008 - FIXED-LENGTH DATA ELEMENTS--GENERAL INFORMATION
fixed length control field 160209s2016 txub b 001 0 eng
010 ## - LIBRARY OF CONGRESS CONTROL NUMBER
LC control number 2016006230
020 ## - INTERNATIONAL STANDARD BOOK NUMBER
International Standard Book Number 9781481304733 (hardback : alk. paper)
040 ## - CATALOGING SOURCE
Original cataloging agency DLC
Language of cataloging eng
Transcribing agency DLC
Description conventions rda
Modifying agency DLC
042 ## - AUTHENTICATION CODE
Authentication code pcc
100 1# - MAIN ENTRY--PERSONAL NAME
Personal name Hurtado, Larry W.,
Dates associated with a name 1943-
Relator term author.
245 10 - TITLE STATEMENT
Title Destroyer of the gods :
Remainder of title early Christian distinctiveness in the Roman world /
Statement of responsibility, etc Larry W. Hurtado.
260 ## - PUBLICATION, DISTRIBUTION, ETC. (IMPRINT)
Place of publication, distribution, etc Waco, Texas :
Name of publisher, distributor, etc Baylor University Press,
Date of publication, distribution, etc c2016
300 ## - PHYSICAL DESCRIPTION
Extent xiv, 290 pages :
Other physical details map ;
Dimensions 23 cm
336 ## - CONTENT TYPE
Content Type Term text
Content Type Code txt
Source rdacontent
337 ## - MEDIA TYPE
Media Type Term unmediated
Media Type Code n
Source rdamedia
338 ## - CARRIER TYPE
Carrier Type Term volume
Carrier Type Code nc
Source rdacarrier
504 ## - BIBLIOGRAPHY, ETC. NOTE
Bibliography, etc Includes bibliographical references and indexes.
505 0# - FORMATTED CONTENTS NOTE
Formatted contents note Early Christians and Christianity in the eyes of non-Christians -- A novel pattern of religious belief and practice -- A different kind of religious identity -- A bookish religion -- Social and behavioral distinctives -- Concluding reflections -- Academic forebears in the historical approach to early Christianity.
650 #0 - SUBJECT ADDED ENTRY--TOPICAL TERM
Topical term or geographic name as entry element Church history
Chronological subdivision Primitive and early church, ca. 30-600.
776 08 - ADDITIONAL PHYSICAL FORM ENTRY
Display text Online version:
Main entry heading Hurtado, Larry W., 1943- author.
Title Destroyer of the gods
Place, publisher, and date of publication Waco : Baylor University Press, 2016
International Standard Book Number 9781481305396
Record control number (DLC) 2016023781
942 ## - ADDED ENTRY ELEMENTS (KOHA)
Source of classification or shelving scheme Library of Congress Classification
Item type Books
Holdings
Withdrawn status Lost status Source of classification or shelving scheme Damaged status Not for loan Home library Current library Shelving location Date acquired Source of acquisition Cost, normal purchase price Inventory number Total Checkouts Full call number Barcode Date last seen Price effective from Koha item type
    Library of Congress Classification     BSOP Library BSOP Library GC 08/08/2023 Amazon 0.00 39343   BR165 H94d 2016 00049343 08/08/2023 08/08/2023 Books
BSOP

Biblical Seminary of the Philippines
  All rights Reserved
  © 2024

CONTACT INFORMATION

Biblical Seminary of the Philippines,
  77-B Karuhatan Road, Valenzuela City,
  PHILIPPINES 1441
  Phone: +632 8292-6795 / 8292-6798
  Fax : +632 8292-6675
  Email: library@bsop.edu.ph